Bosses beware (Record no. 80014)
[ view plain ]
| 000 -LEADER | |
|---|---|
| fixed length control field | 01013cab a22002055a 4500 |
| 001 - CONTROL NUMBER | |
| control field | L143009 |
| 008 - FIXED-LENGTH DATA ELEMENTS--GENERAL INFORMATION | |
| fixed length control field | 080401e20080328xxk f 000 0 eng d |
| 035 ## - SYSTEM CONTROL NUMBER | |
| System control number | (Sirsi) u143009 |
| 041 0# - LANGUAGE CODE | |
| Language code of text/sound track or separate title | eng |
| 100 1# - MAIN ENTRY--PERSONAL NAME | |
| Personal name | Glackin, Michael |
| 245 00 - TITLE STATEMENT | |
| Title | Bosses beware |
| 260 ## - PUBLICATION, DISTRIBUTION, ETC. | |
| Date of publication, distribution, etc. | 2008 |
| 490 #0 - SERIES STATEMENT | |
| Series statement | Building |
| Volume/sequential designation | 273(8522) 28 March 2008, 46-48(3) |
| 520 ## - SUMMARY, ETC. | |
| Summary, etc. | The Corporate Manslaughter and Corporate Homicide Act 2007, due to become law on 6 April 2008, heralds a significant change in how serious accidents on building sites will be dealt with. The Act will make it easier to prosecute firms for corporate manslaughter and companies will be hit with substantial fines if convicted, paying between 2.5% and 10% of annual turnover. Includes key points from the Act and industry views from construction union Ucatt and the Construction Confederation. |
| 590 ## - LOCAL NOTE (RLIN) | |
| Local note | KA |
| 650 24 - SUBJECT ADDED ENTRY--TOPICAL TERM | |
| Topical term or geographic name entry element | CORPORATE MANSLAUGHTER AND CORPORATE HOMICIDE ACT 2007 |
| 651 #4 - SUBJECT ADDED ENTRY--GEOGRAPHIC NAME | |
| Geographic name | United Kingdom |
| Chronological subdivision | |
| 690 ## - LOCAL SUBJECT ADDED ENTRY--TOPICAL TERM (OCLC, RLIN) | |
| Topical term or geographic name as entry element | Health and safety |
| 9 (RLIN) | 6244 |
| 942 ## - ADDED ENTRY ELEMENTS (KOHA) | |
| Suppress in OPAC | 0 |
| Withdrawn status | Lost status | Source of classification or shelving scheme | Damaged status | Not for loan | Home library | Current library | Shelving location | Date acquired | Total Checkouts | Full call number | Barcode | Date last seen | Copy number | Price effective from | Koha item type |
|---|---|---|---|---|---|---|---|---|---|---|---|---|---|---|---|
| Dewey Decimal Classification | London | London | Journal article | 01/04/2008 | L143009 | 143009-1001 | 06/08/2019 | 1 | 06/08/2019 | Journal article |